Menová politika NBS minulosť a aktuálne otázky
Vývoj ekonomiky SR a menovej politiky po roku 1993. Vytvorenie základov pre budovanie kredibility centrálnej banky. Stabilizácia situácie v rokoch 1994 a 1995. Rast hrubého zahraničného dlhu, v rokoch 1996-1997 vzrástlo zahraničné zadlženie podnikov a bánk. Rast vládneho dlhu. Spochybňovanie cieľa m...
Salvato in:
| Autore principale: | |
|---|---|
| Natura: | Capitolo di libro |
| Lingua: | slovacco |
| Soggetti: | |
| Tags: |
Nessun Tag, puoi essere il primo ad aggiungerne!!
|
MARC
| LEADER | 00000naa a2200000 4500 | ||
|---|---|---|---|
| 001 | r033486 | ||
| 005 | 20220531135439.2 | ||
| 041 | 0 | |a slo | |
| 044 | |a SK | ||
| 245 | 1 | 0 | |a Menová politika NBS |b minulosť a aktuálne otázky |c Jozef Makúch |
| 520 | |a Vývoj ekonomiky SR a menovej politiky po roku 1993. Vytvorenie základov pre budovanie kredibility centrálnej banky. Stabilizácia situácie v rokoch 1994 a 1995. Rast hrubého zahraničného dlhu, v rokoch 1996-1997 vzrástlo zahraničné zadlženie podnikov a bánk. Rast vládneho dlhu. Spochybňovanie cieľa menovej politiky, ktorým je stabilita meny, najmä v súvislosti s vysokými úrokovými sadzbami na peňažnom trhu. | ||
| 610 | 2 | 0 | |a politika menová |
| 610 | 2 | 0 | |a Slovensko |
| 610 | 2 | 0 | |a vývoj menový |
| 610 | 2 | 0 | |a NBS Bratislava |
| 100 | 1 | |a Makúch, Jozef, 1953- | |